| 000 | 00541nam a2200181Ia 4500 | ||
|---|---|---|---|
| 008 | 090123s9999 xx 000 0 und d | ||
| 082 |
_b35269 _a891.463/महाज |
||
| 100 | _aमहाजन भास्कर | ||
| 245 | _aतळघरात | ||
| 250 | _a1 | ||
| 260 |
_bपार्टनर पब्लिकेशन _c2003 |
||
| 300 | _a236 | ||
| 600 | _aमहाजन भास्कर | ||
| 630 | _aतळघरात | ||
| 700 | _aमहाजन भास्कर | ||
| 730 | _aतळघरात | ||
| 942 | _cBOOK | ||
| 999 |
_c73334 _d73334 |
||